| 000 | 00372cam a2200145ua 4500 | ||
|---|---|---|---|
| 041 |
_aeng _h |
||
| 082 |
_a824 _bPRI/TH |
||
| 100 | _aPriestly, J B. | ||
| 245 |
_aThoughts in the wilderness / _cJ B Priestley. _hTextual Documents |
||
| 260 |
_aLondon : _bHeinemann Educational Books Ltd. , _c1957. |
||
| 300 | _a242 ; . | ||
| 504 | _a | ||
| 942 | _cBK | ||
| 999 |
_c3953 _d3953 |
||